Nationwide house price index (Record no. 114679)

MARC details
000 -LEADER
fixed length control field 00844cad a22002055a 4500
001 - CONTROL NUMBER
control field L157252
008 - FIXED-LENGTH DATA ELEMENTS--GENERAL INFORMATION
fixed length control field 121005s20121002xxk f 000 0 eng d
035 ## - SYSTEM CONTROL NUMBER
System control number (Sirsi) u157252
041 0# - LANGUAGE CODE
Language code of text/sound track or separate title eng
110 2# - MAIN ENTRY--CORPORATE NAME
Corporate name or jurisdiction name as entry element Nationwide Building Society
9 (RLIN) 1019
245 00 - TITLE STATEMENT
Title Nationwide house price index
Remainder of title September 2012
Medium [electronic resource]
260 ## - PUBLICATION, DISTRIBUTION, ETC.
Date of publication, distribution, etc. 2012
490 #0 - SERIES STATEMENT
Series statement Nationwide House Price Index
Volume/sequential designation September 2012
520 ## - SUMMARY, ETC.
Summary, etc. United Kingdom house prices decreased by 0.4% in September 2012 and fell by 1.4% on a year on year basis. Predicts that that the UK housing market will remain flat over the next 12 months.
590 ## - LOCAL NOTE (RLIN)
Local note KA
651 #4 - SUBJECT ADDED ENTRY--GEOGRAPHIC NAME
Geographic name United Kingdom
Chronological subdivision
690 ## - LOCAL SUBJECT ADDED ENTRY--TOPICAL TERM (OCLC, RLIN)
Topical term or geographic name as entry element Residential property
9 (RLIN) 6266
856 40 - ELECTRONIC LOCATION AND ACCESS
Uniform Resource Identifier <a href="https://www.nationwide.co.uk/hpi/historical/Sep_2012.pdf">https://www.nationwide.co.uk/hpi/historical/Sep_2012.pdf</a>
Public note View this item free of charge at www.nationwide.co.uk
942 ## - ADDED ENTRY ELEMENTS (KOHA)
Suppress in OPAC 0
Holdings
Withdrawn status Lost status Source of classification or shelving scheme Damaged status Not for loan Home library Current library Shelving location Date acquired Total Checkouts Full call number Barcode Date last seen Copy number Price effective from Koha item type
    Dewey Decimal Classification     Virtual Virtual Online 05/10/2012   ONLINE PUBLICATION 157252-2001 06/08/2019 1 06/08/2019 Book